000 00307nam a2200133 i 4500
001 bg
100 1 _aPISARCZYK, Daniel
245 0 _aGeodezja w budownictwie /
_cDaniel Pisarczyk.
260 _aOpole,
_c1976.
040 _cBPK
041 _apol
942 _cKS
008 s pl f |000 0 pol
999 _c27525
_d27525
856 _uhttp://koha.tu.koszalin.pl/cgi-bin/koha/opac-detail.pl?biblionumber=27525
_yKatalog online BPK